Capital & Country (Very Hard Edition) - Statistics

General Stats
  • This quiz has been taken 40 times
  • The average score is 13 of 15
Answer Stats
Capital Area Country % Correct
Nairobi Africa Kenya
100%
Djibouti Africa Djibouti
97%
Santo Domingo Caribbean Dominican Republic
97%
Ulan Bator Asia Mongolia
95%
Belmopan America Belize
86%
Monrovia Africa Liberia
86%
Vaduz Europe Liechtenstein
86%
Naypyidaw Asia Myanmar
86%
Colombo Asia Sri Lanka
84%
Prisina Europe Kosovo
81%
Male Asia Maldives
81%
Bridgetown Caribbean Barbados
78%
Dushanbe Asia Tajikistan
78%
Palikir Oceania Micronesia
73%
Lilongwe Africa Malawi
70%
No matching quizzes found
Score Distribution
Percent of People with Each Score
Percentile by Number Answered
Your Score History
You have not taken this quiz